|
|
|
|
| LEADER |
00000naa2a2200000 4500 |
| 001 |
50058 |
| 005 |
20231031032718.0 |
| 035 |
|
|
|a (RuTPU)RU\TPU\book\52404
|
| 035 |
|
|
|a RU\TPU\tpu\10795
|
| 090 |
|
|
|a 50058
|
| 100 |
|
|
|a 20030408d1998 k y0rusy50 ca
|
| 101 |
0 |
|
|a rus
|
| 102 |
|
|
|a RU
|
| 200 |
1 |
|
|a Прибор для самоконтроля и внешнего контроля в системах обучения
|f М. Ю. Шевелев
|
| 463 |
|
1 |
|0 (RuTPU)RU\TPU\book\9322
|t Современные техника и технологии
|o Труды 4-й областной научно-практической конференции студентов, аспирантов и молодых ученых. Томск, 23-24 марта 1998 г
|o Секция 2. Приборостроение
|f ТПУ
|v С. 104-105.
|d 1998
|p 244с
|
| 610 |
1 |
|
|a труды учёных ТПУ
|
| 675 |
|
|
|a 62.002(063)
|v 3
|
| 700 |
|
1 |
|a Шевелев
|b М. Ю.
|
| 801 |
|
1 |
|a RU
|b 63413507
|c 20030105
|g PSBO
|
| 801 |
|
2 |
|a RU
|b 63413507
|c 20030408
|g PSBO
|
| 942 |
|
|
|c BK
|